| 000 | 00496nam a2200157Ia 4500 | ||
|---|---|---|---|
| 008 | 231217s9999 xx 000 0 und d | ||
| 020 | _a817881241X | ||
| 041 | _aEnglish | ||
| 082 | _a658.404 SEE;1 R | ||
| 100 | _aSeethapathi, K ed. | ||
| 245 | 0 | _aAlternative risk management : concepts and practices (financial risk management) | |
| 260 |
_c2003 _bIcfai _aHyderabad |
||
| 300 | _avii, 205+A10 | ||
| 650 | _aAlternative,risk,management,practices,(financial,risk,management) | ||
| 942 | _cAA | ||
| 999 |
_c189682 _d189682 |
||